NPB 日本プロ野球 Akinator風クイズ - Statistics

General Stats
  • This quiz has been taken 4,196 times
    2,845 since last reset
  • The average score is 7 of 10
Answer Stats
Question Answer % Correct
実在している? はい
95%
藤浪晋太郎選手ですか? いいえ
91%
現役選手ですか? はい
89%
助っ人外国人ですか? いいえ
87%
オールスターゲームに出場したことがありますか? はい
83%
日本一を経験しましたか? はい
82%
親は政治家ですか? いいえ
82%
ひげが特徴的ですか? いいえ
82%
現役ドラフトで移籍しましたか? いいえ
82%
セリーグの選手ですか? はい
78%
2024年の背番号は二桁ですか はい
78%
左投げですか? いいえ
77%
移籍経験がありますか? いいえ
76%
通算で負けこしている? いいえ
75%
球速160km/hを記録しましたか? いいえ
73%
投手ですか? はい
72%
シーズンで10勝を記録したことがありますか? はい
72%
セーブを記録しましたか? いいえ
70%
高卒で入団しましたか? はい
69%
中島裕之選手と出身校が同じですか? いいえ
68%
身長は190cm以上ですか いいえ
67%
虎に関係がありますか? はい
66%
侍ジャパンに召集されたことがありますか? はい
66%
マダックス達成しましたか? いいえ
65%
出身地は関西ですか? はい
64%
シーズンで100奪三振以上を記録したことがありますか? はい
63%
大谷翔平選手に低めのフォークボールを膝をつきながらスタンドにボールを運ばれましたか? はい
63%
ドラフト指名は3位以上でしたか? はい
61%
年俸が1億円に到達したことはありますか はい
60%
本塁打を打ちましたか? いいえ
56%
通算防御率は2点台ですか? はい
56%
トミー・ジョン手術を受けましたか? はい
54%
現在(2024年11月時点)25歳以下ですか? いいえ
52%
高校野球で甲子園出場した経験はありますか? いいえ
51%
通算400イニング投げていますか? はい
48%
通算100失点以上を記録している? はい
45%
タイトルを獲得したことがありますか? いいえ
33%
2023年シーズンで中継ぎ登板をしましたか? はい
33%
育成契約と関係がありますか? はい
30%
松坂大輔選手からヒットを打っている? はい
21%
No matching quizzes found
Score Distribution
Percent of People with Each Score
Percentile by Number Answered
Your Score History
You have not taken this quiz since the last reset